000 01796nam a2200349Ia 4500
001 ebr10103971
003 CaPaEBR
006 m u
007 cr cn|||||||||
008 060210s2006 dcu sb 000 0 eng d
010 _z 2006295311
020 _z0309100380
040 _aCaPaEBR
_cCaPaEBR
035 _a(OCoLC)62897166
050 1 4 _aRA410.55.C74
_bD55 2006eb
082 0 4 _a362.1096751
_222
100 1 _aDijkzeul, Dennis.
245 1 0 _aSupporting local health care in a chronic crisis
_h[electronic resource] :
_bmanagement and financing approaches in the Eastern Democratic Republic of the Congo /
_cDennis Dijkzeul and Caroline Lynch ; Roundtable on the Demography of Forced Migration, Committee on Population, National Research Council of the National Academies and Program on Forced Migration and Health, Mailman School of Public Health, Columbia University.
260 _aWashington, D.C. :
_bNational Academies Press,
_cc2006.
300 _axii, 89 p.
504 _aIncludes bibliographical references (p. 76-77).
533 _aElectronic reproduction.
_bPalo Alto, Calif. :
_cebrary,
_d2009.
_nAvailable via World Wide Web.
_nAccess may be limited to ebrary affiliated libraries.
650 0 _aMedical care
_zCongo (Democratic Republic)
_xFinance.
650 0 _aHealth services administration
_zCongo (Democratic Republic)
650 0 _aMedical care, Cost of
_zCongo (Democratic Republic)
650 0 _aMedical assistance
_zCongo (Democratic Republic)
650 0 _aHealth services accessibility
_zCongo (Democratic Republic)
655 7 _aElectronic books.
_2local
700 1 _aLynch, Caroline.
710 2 _aebrary, Inc.
856 4 0 _uhttp://site.ebrary.com/lib/rucke/Doc?id=10103971
_zAn electronic book accessible through the World Wide Web; click to view
999 _c101493
_d101493